000 03378cam a2200361 4500500
005 20260329013706.0
041 _afre
042 _adc
100 1 0 _aDiebolt, Claude
_eauthor
700 1 0 _aJaoul, Magali
_eauthor
700 1 0 _aSan Martino, Gilles
_eauthor
245 0 0 _aLe mythe de Ferry une analyse cliométrique
260 _c2005.
500 _a97
520 _aDepuis le début du XIXe siècle, le développement de l’éducation (de l’instruction primaire essentiellement) a été considéré comme un processus majeur, particulièrement caractéristique des sociétés capitalistes développées. Ceci étant, malgré l’abondante littérature consacrée depuis plus de cinquante ans à ce sujet si délicat, il n’existe pas encore de recherche approfondie et quantitative sur l’origine de ce phénomène et surtout sur le processus historique qui l’a conduit. Les recherches françaises qui, depuis la fin de la Seconde Guerre mondiale notamment, ont renouvelé le domaine des études sur l’enseignement se sont généralement contentées de prendre acte de ce développement, et en ont tenu l’interprétation pour évidente. Notre conception est différente. Nous pensons que la croissance de la scolarisation en France nécessite un renouvellement conceptuel et un travail neuf de validation empirique et théorique. Pour ce faire, notre étude cliométrique du processus de convergence de l’instruction primaire par département en France avant les Lois Ferry s’appuie sur les méthodes de la comptabilité nationale rétrospective et de l’économétrie.
520 _aThe myth of Ferry a cliometric analysis The development of education (essentially primary schooling) has been considered since the beginning of the nineteenth century as a major process and notably characteristic of developed capitalist societies. This being so, in spite of abundant literature devoted to this extremely delicate subject for more than 50years, there has still been no in-depth, quantitative research on the origin of the phenomenon and above all on the historical process that led to it. French research since the end of World War 2 in particular, with fresh work in the field of research on education, has generally merely noted this development, considering the interpretation to be obvious. We have a different conception, considering that the increase in school attendance in France requires a fresh conceptual approach and new empirical and theoretical validation work. For this, our cliometric study of the convergence process of primary education by administrative department in France before the Ferry laws is based on retrospective national accounts and econometric methods.
690 _acliométrie
690 _acomptabilité nationale rétrospective
690 _aconvergence
690 _aéconométrie historique
690 _aéducation
690 _aFrance
690 _ainstruction primaire
690 _acliometrics
690 _aconvergence
690 _aeconometric history
690 _aeducation
690 _aFrance
690 _aprimary schooling
690 _aretrospective national accounting
786 0 _nRevue d'économie politique | 115 | 4 | 2005-08-01 | p. 471-497 | 0373-2630
856 4 1 _uhttps://shs.cairn.info/revue-d-economie-politique-2005-4-page-471?lang=fr&redirect-ssocas=7080
999 _c1882559
_d1882559